000 00582nab#a2200205#c#4500
999 _c87792
_d87792
003 IEF
005 20191203181813.0
008 950704s1976 uuu|| #####0 b| |u
040 _aIEF
_cES-MaIEF
100 1 _aPadilla Valero, Antonio
_933953
245 _aLa industria eléctrica
_bsu financiación
_c Antonio Padilla Valero
260 _c1976
500 _aConclusiones,Bibliografía
650 4 _aINDUSTRIA ELECTRICA
_946643
650 4 _aFINANCIACION
_944260
773 0 _tHacienda pública española
_w34570
_g41, p. 153-198
942 _2udc
942 _2udc